The seven sisters / Lucinda Riley.
Available copies
- 0 of 2 copies available at LARL/NWRL Consortium.
- 0 of 2 copies available at Lake Agassiz Regional Library. (Show preferred library)
Current holds
2 current holds with 2 total copies.
View other formats and editions
Show Only Available Copies
| Location | Call Number / Copy Notes | Barcode | Shelving Location | Status | Due Date |
|---|---|---|---|---|---|
| Detroit Lakes Public Library | RIL (Text) | 33500012091328 | Main | On holds shelf | - |
| Detroit Lakes Public Library | RIL (Text) | 33500012091336 | Main | Checked out | 07/15/2026 |
Record details
- ISBN: 9781476759906 (hardcover)
- ISBN: 1476759901 (hardcover)
- Physical Description: xiii, 461 pages ; 24 cm.
- Edition: First Atria Books hardcover edition.
- Publisher: New York : Atria Books, 2015.
Content descriptions
| Bibliography, etc. Note: | Includes bibliographical references (page 461). |
| Summary, etc.: | "The first book in a major new series from the #1 ... Read More |
Search for related items by subject
| Subject: | Sisters > Fiction. Sculptors > Fiction. Nineteen twenties > Fiction. |
| Genre: | Historical fiction. Love stories. Romance fiction. |
Search for related items by series
| LDR | 03590cam a2200565 i 4500 | ||
|---|---|---|---|
| 001 | 182631 | ||
| 003 | LARL_NWRL_CONSORTIUM | ||
| 005 | 20240808174921.0 | ||
| 008 | 140808s2015 nyu 000 1 eng | ||
| 020 | . | ‡a9781476759906 (hardcover) | |
| 020 | . | ‡a1476759901 (hardcover) | |
| 020 | . | ‡z9781476759913 (ebook) | |
| 035 | . | ‡a(OCoLC)883147399 | |
| 042 | . | ‡apcc | |
| 043 | . | ‡as-bl--- ‡ae-fr--- ‡ae-sz--- | |
| 082 | 0 | 0. | ‡a823/.914 ‡223 |
| 084 | . | ‡aFIC027000 ‡aFIC014000 ‡aFIC000000 ‡2bisacsh | |
| 100 | 1 | . | ‡aRiley, Lucinda. ‡0(LARL_NWRL_CONSORTIUM)221014 |
| 245 | 1 | 4. | ‡aThe seven sisters / ‡cLucinda Riley. |
| 250 | . | ‡aFirst Atria Books hardcover edition. | |
| 260 | . | ‡aNew York : ‡bAtria Books, ‡c2015. | |
| 300 | . | ‡axiii, 461 pages ; ‡c24 cm. | |
| 336 | . | ‡atext ‡2rdacontent | |
| 337 | . | ‡aunmediated ‡2rdamedia | |
| 338 | . | ‡avolume ‡2rdacarrier | |
| 490 | 0 | . | ‡aSeven sisters ; ‡v1 |
| 520 | . | ‡a"The first book in a major new series from the #1 internationally bestselling author Lucinda Riley. Maia D'Apliese and her five sisters gather together at their childhood home, "Atlantis"--a fabulous, secluded castle situated on the shores of Lake Geneva--having been told that their beloved father, who adopted them all as babies, has died. Each of them is handed a tantalizing clue to her true heritage--a clue which takes Maia across the world to a crumbling mansion in Rio de Janeiro, Brazil. Once there, she begins to put together the pieces of her story and its beginnings. Eighty years earlier in Rio's Belle Epoque of the 1920s, Izabela Bonifacio's father has aspirations for his daughter to marry into the aristocracy. Meanwhile, architect Heitor da Silva Costa is devising plans for an enormous statue, to be called Christ the Redeemer, and will soon travel to Paris to find the right sculptor to complete his vision. Izabela--passionate and longing to see the world--convinces her father to allow her to accompany him and his family to Europe before she is married. There, at Paul Landowski's studio and in the heady, vibrant cafes of Montparnasse, she meets ambitious young sculptor Laurent Brouilly, and knows at once that her life will never be the same again. In this sweeping, epic tale of love and loss--the first in a unique, spellbinding series of seven novels--Lucinda Riley showcases her storytelling talent like never before"-- ‡cProvided by publisher. | |
| 504 | . | ‡aIncludes bibliographical references (page 461). | |
| 650 | 0. | ‡aSisters ‡vFiction. ‡0(LARL_NWRL_CONSORTIUM)167281 | |
| 650 | 0. | ‡aSculptors ‡vFiction. ‡0(LARL_NWRL_CONSORTIUM)167343 | |
| 650 | 0. | ‡aNineteen twenties ‡vFiction. ‡0(LARL_NWRL_CONSORTIUM)173718 | |
| 655 | 7. | ‡aHistorical fiction. ‡2gsafd | |
| 655 | 7. | ‡aLove stories. ‡2gsafd | |
| 655 | 7. | ‡aRomance fiction. ‡2lcgft | |
| 901 | . | ‡a182631 ‡bOCLC ‡c182631 ‡tbiblio | |

Add to basket
Permalink
Disable Highlighting